best NBA team win % - Statistics

General Stats
  • This quiz has been taken 31 times
  • The average score is 8 of 10
Answer Stats
Hint Answer % Correct
1 Boston Celtics
100%
3 Los Angeles Lakers
100%
8 Miami Heat
93%
2 San Antonio Spurs
90%
7 Milwaukee Bucks
83%
10 Philadelphia 76ers
79%
4 OKC Thunder
76%
5 Phoenix Suns
76%
6 Utah Jazz
69%
9 Portland Trail Blazers
66%
No matching quizzes found
Score Distribution
Percent of People with Each Score
Percentile by Number Answered
Your Score History
You have not taken this quiz